000 01030nam2a22002531 4500
001 rc\3717257
005 20250610103236.0
021 _aRU
_b[70-3354]
035 _a(NLR Aleph) 007860249
090 _a7798559
_c7798559
100 _a20130115d1969 |||y0rusy50 ca
101 0 _arus
102 _aRU
105 _aa z |||||
200 0 _aЧ. 1
210 _d1969
_aБ. м.
215 _a290 с.
_cчерт.
320 _aБиблиогр.: с. 276 (11 назв.)
461 0 _1001rc\3717256
_12001#$aСтатистические методы в метеорологии$fПод ред. канд. физ.-мат. наук А.С. Марченко$gАН СССР. Вычислит. центр. Ч. 1-$vЧ. 1
_97798557
_cНовосибирск
_d1969-
_fПод ред. канд. физ.-мат. наук А.С. Марченко
_nБ. и.
_tСтатистические методы в метеорологии
_vЧ. 1
801 0 _aRU
_bNLR
_gpsbo
801 1 _aRU
_bELAR
_2rusmarc
852 _aNLR
_j69-3/10639
942 _cBOOK
980 _aNB